000 00542nam a22001932 4500
001 0000002611
005 20170406114348.0
008 140321s xx 000 0 eng d
020 _a9780198297215 :
_c$
040 _aYour Holding Symbol
_cYour Holding Symbol
100 1 _aAoki,Masahiko.
245 1 0 _aFinance ,governance and competitivenes in japan.
250 _a ed.
260 _aNew york :
_bOxfoed university,
_c2000.
300 _a290 p. ;
_c cm.
504 _aindex.
650 0 _afinance.
908 _a140321
999 _c2499
_d2499